[Event "Hillerod-ch A"]
[Site "Hillerod"]
[Date "2022.05.15"]
[Round "4"]
[White "Ramkilde, Mikael"]
[Black "Kopperberg, Steen"]
[Result "1-0"]
[WhiteElo "1893"]
[BlackElo "1825"]
[PlyCount "67"]
[EventDate "2022.05.15"]
[EventType "tourn"]
[EventRounds "5"]
[EventCountry "DEN"]
[SourceTitle "EXT 2024"]
[Source "ChessBase"]
[SourceDate "2023.10.10"]
[SourceVersion "1"]
[SourceVersionDate "2023.10.10"]
[SourceQuality "1"]

1. e4 e5 2. f4 exf4 3. Nf3 Nc6 4. d4 d6 5. Bxf4 Bg4 6. Nc3 Bxf3 7. gxf3 g5 8. Be3 Bg7 9. Bb5 a6 10. Bxc6+ bxc6 11. Qd2 h6 12. 0-0-0 Qd7 13. h4 f6 14. Qe2 Kd8 15. Rdg1 Ne7 16. f4 gxf4 17. Bxf4 Rg8 18. Qh5 Qe8 19. Qa5 Kd7 20. e5 fxe5 21. dxe5 Bxe5 22. Bxe5 dxe5 23. Rd1+ Kc8 24. Rhe1 Rg2 25. Qxe5 Qg6 26. Re4 Nf5 27. Qc5 Nd6 28. Qxc6 Ra7 29. Rf1 Rg1 30. Ref4 Rxf1+ 31. Rxf1 Qg7 32. Nd5 Rb7 33. c3 Nb5 34. Qe8# 1-0

[Event "Hillerod Vinhuset Stoltz op"]
[Site "Hillerod"]
[Date "2019.10.01"]
[Round "4"]
[White "Kopperberg, Steen"]
[Black "Sorensen, Esben Lauge"]
[Result "1/2-1/2"]
[WhiteElo "1882"]
[BlackElo "1945"]
[PlyCount "117"]
[EventDate "2019.09.24"]
[EventType "swiss"]
[EventRounds "7"]
[EventCountry "DEN"]
[SourceTitle "EXT 2021"]
[Source "ChessBase"]
[SourceDate "2020.10.23"]
[SourceVersion "1"]
[SourceVersionDate "2020.10.23"]
[SourceQuality "1"]

1. d4 d5 2. Nf3 Nf6 3. Bg5 Nbd7 4. e3 h6 5. Bh4 e6 6. Nbd2 Be7 7. Bd3 c5 8. c3 b6 9. Qe2 Bb7 10. Ba6 Bxa6 11. Qxa6 Qc8 12. Qxc8+ Rxc8 13. 0-0 g5 14. Bg3 Nh5 15. e4 Nxg3 16. hxg3 Nf6 17. exd5 Nxd5 18. Rfe1 cxd4 19. Nxd4 Kf8 20. Re2 Bf6 21. N2f3 Kg7 22. Rae1 Rhe8 23. Nf5+ Kg6 24. Nd6 Red8 25. Nxc8 Rxc8 26. Ne5+ Kg7 27. a3 b5 28. Re4 Rc7 29. Nf3 a6 30. a4 bxa4 31. Rxa4 Rb7 32. Re2 Bxc3 33. bxc3 Nxc3 34. Rea2 Rb1+ 35. Kh2 Nxa2 36. Rxa2 Rb6 37. Ne5 f5 38. Nd7 Rd6 39. Nc5 e5 40. Nxa6 g4 41. Nc5 Kf6 42. Ra6 Rxa6 43. Nxa6 f4 44. Nc5 h5 45. Ne4+ Kf5 46. f3 Kg6 47. fxg4 hxg4 48. Nd6 Kg5 49. gxf4+ Kxf4 50. Kg1 e4 51. Kf1 Ke3 52. Nc4+ Kd4 53. Nd6 Ke5 54. Nc4+ Kd4 55. Nb2 Kc3 56. Na4+ Kd2 57. Nb2 Kc3 58. Nd1+ Kd2 59. Nb2 1/2-1/2

[Event "Hillerod-chB"]
[Site "Hillerod"]
[Date "2019.04.30"]
[Round "2"]
[White "Kopperberg, Steen"]
[Black "Kristensen, Klaus Hojholm"]
[Result "1-0"]
[WhiteElo "1886"]
[BlackElo "1852"]
[PlyCount "143"]
[EventDate "2019.04.23"]
[EventType "tourn"]
[EventRounds "7"]
[EventCountry "DEN"]
[SourceTitle "EXT 2020"]
[Source "ChessBase"]
[SourceDate "2019.10.17"]
[SourceVersion "1"]
[SourceVersionDate "2019.10.17"]
[SourceQuality "1"]

1. d4 d5 2. Nf3 Nf6 3. Bg5 Bf5 4. c3 Nbd7 5. Nbd2 h6 6. Bxf6 Nxf6 7. Qb3 Qc8 8. e3 e6 9. Rc1 Be7 10. c4 c6 11. Be2 0-0 12. 0-0 dxc4 13. Bxc4 Rd8 14. Bd3 Bxd3 15. Qxd3 Qc7 16. Qb1 Qa5 17. a3 Rac8 18. Nc4 Qb5 19. b4 Qd5 20. Rfe1 Qe4 21. Qxe4 Nxe4 22. Na5 Rc7 23. Rc2 f6 24. Rec1 Rcd7 25. Nb3 Kf8 26. g3 Ke8 27. Nc5 Bxc5 28. bxc5 Rc7 29. a4 Rdd7 30. a5 a6 31. Nd2 Nxd2 32. Rxd2 Re7 33. e4 Rcd7 34. f3 g6 35. Kf2 Rd8 36. Rcd1 Red7 37. Ke3 Ke7 38. f4 Rg8 39. Rb1 Rc8 40. Rdb2 Rcc7 41. Rb4 Kf7 42. Rc4 Ke7 43. Rd1 Rd8 44. Rc3 Rdd7 45. Rcd3 Rd8 46. R1d2 Rdd7 47. g4 Rd8 48. Rg2 Rg8 49. Rg3 Kf7 50. Kd2 Rd7 51. Kc3 Rgd8 52. Kc4 Kg7 53. h4 Kf7 54. Rg2 Kg7 55. Rgd2 Kf7 56. d5 exd5+ 57. exd5 Re7 58. d6 Re4+ 59. Rd4 Re1 60. g5 hxg5 61. hxg5 f5 62. Rh2 Kg7 63. Rhd2 Rd7 64. Kc3 Kf7 65. Rb4 Ra1 66. Rh2 Kg7 67. Kd4 Rxa5 68. Ke5 Rxc5+ 69. Ke6 Rf7 70. Rh7+ Kxh7 71. Kxf7 Rd5 72. Rb3 1-0

[Event "Helsingor Xtracon op"]
[Site "Helsingor"]
[Date "2018.07.27"]
[Round "8"]
[White "Kopperberg, Steen"]
[Black "Moe, Mogens"]
[Result "0-1"]
[WhiteElo "1856"]
[BlackElo "2199"]
[PlyCount "70"]
[EventDate "2018.07.21"]
[EventType "swiss"]
[EventRounds "10"]
[EventCountry "DEN"]
[SourceTitle "CBM 185 Extra"]
[Source "ChessBase"]
[SourceDate "2018.07.29"]
[SourceVersion "1"]
[SourceVersionDate "2018.07.29"]
[SourceQuality "1"]

1. d4 Nf6 2. Nf3 g6 3. Bg5 Ne4 4. Bf4 d6 5. Nbd2 Nxd2 6. Qxd2 Bg7 7. Bh6 Bf6 8. e4 Nc6 9. c3 Bg4 10. Be2 Qd7 11. h3 Bxf3 12. Bxf3 e6 13. 0-0 0-0-0 14. a4 Rhg8 15. Be3 Kb8 16. b4 Be7 17. a5 Rdf8 18. Rfc1 Nd8 19. Be2 f5 20. e5 g5 21. f4 g4 22. hxg4 fxg4 23. b5 Bh4 24. b6 Bg3 25. bxc7+ Qxc7 26. c4 Qe7 27. a6 Qh4 28. Bxg4 Rxg4 29. Kf1 Bxf4 30. Bxf4 Qh1+ 31. Ke2 Rxg2+ 32. Kd3 Rxd2+ 33. Bxd2 Qf3+ 34. Be3 dxe5 35. dxe5 Rf7 0-1

[Event "Helsingor Xtracon op"]
[Site "Helsingor"]
[Date "2018.07.25"]
[Round "6"]
[White "Kopperberg, Steen"]
[Black "Emborg, Jens"]
[Result "1-0"]
[WhiteElo "1856"]
[BlackElo "1545"]
[PlyCount "41"]
[EventDate "2018.07.21"]
[EventType "swiss"]
[EventRounds "10"]
[EventCountry "DEN"]
[SourceTitle "CBM 185 Extra"]
[Source "ChessBase"]
[SourceDate "2018.07.29"]
[SourceVersion "1"]
[SourceVersionDate "2018.07.29"]
[SourceQuality "1"]

1. d4 d5 2. Nf3 e6 3. c3 c5 4. Bf4 Nc6 5. e3 Bd6 6. Bg3 Nf6 7. Nbd2 c4 8. Qc2 h6 9. Bxd6 Qxd6 10. e4 dxe4 11. Nxe4 Nxe4 12. Qxe4 b5 13. a4 Bb7 14. axb5 Na5 15. Qe5 Qxe5+ 16. Nxe5 Nb3 17. Ra3 a6 18. Nxc4 axb5 19. Nd6+ Ke7 20. Nxb7 Rxa3 21. bxa3 1-0

[Event "Helsingor Xtracon op"]
[Site "Helsingor"]
[Date "2018.07.23"]
[Round "4"]
[White "Kopperberg, Steen"]
[Black "Keymer, Cecilia"]
[Result "1-0"]
[WhiteElo "1856"]
[BlackElo "1380"]
[PlyCount "48"]
[EventDate "2018.07.21"]
[EventType "swiss"]
[EventRounds "10"]
[EventCountry "DEN"]
[SourceTitle "CBM 185 Extra"]
[Source "ChessBase"]
[SourceDate "2018.07.29"]
[SourceVersion "1"]
[SourceVersionDate "2018.07.29"]
[SourceQuality "1"]

1. d4 d5 2. Nf3 Nf6 3. c3 Bf5 4. Bg5 c6 5. Bxf6 exf6 6. e3 Bd6 7. Bd3 Be6 8. Nbd2 0-0 9. 0-0 Nd7 10. Re1 Nb6 11. a4 a5 12. Qc2 h6 13. Reb1 Qc7 14. b4 Rfb8 15. bxa5 Rxa5 16. c4 dxc4 17. Nxc4 Nxc4 18. Bxc4 Bxc4 19. Qxc4 Rba8 20. Rc1 b5 21. Qxc6 Rxa4 22. Qxa8+ Kh7 23. Rxc7 Rxa8 24. Rxa8 Bxc7 1-0

[Event "DEN-ch Seniors 50+"]
[Site "Hvidovre"]
[Date "2018.02.15"]
[Round "4"]
[White "Morkore, Thomas"]
[Black "Kopperberg, Steen"]
[Result "1-0"]
[WhiteElo "1910"]
[BlackElo "1874"]
[PlyCount "129"]
[EventDate "2018.02.12"]
[EventType "swiss"]
[EventRounds "7"]
[EventCountry "DEN"]
[SourceTitle "CBM 183 Extra"]
[Source "ChessBase"]
[SourceDate "2018.04.19"]
[SourceVersion "1"]
[SourceVersionDate "2018.04.19"]
[SourceQuality "1"]

1. Nf3 d5 2. d4 Nf6 3. c4 c6 4. e3 e6 5. Nbd2 Nbd7 6. b3 Bb4 7. Bb2 0-0 8. a3 Ba5 9. b4 Bc7 10. Bd3 Re8 11. Ne5 Nxe5 12. dxe5 Nd7 13. Nf3 dxc4 14. Bxc4 Qe7 15. 0-0 a5 16. Qb3 b5 17. Be2 axb4 18. axb4 Bb7 19. Qc3 Nb6 20. Qc5 Qxc5 21. bxc5 Nd5 22. Nd2 b4 23. Ne4 Rxa1 24. Rxa1 Ra8 25. Rxa8+ Bxa8 26. Ba6 Kf8 27. Kf1 Ke7 28. Ke2 f6 29. exf6+ gxf6 30. Bc8 e5 31. Kd3 h5 32. Ng3 Kd8 33. Ba6 h4 34. Nf5 e4+ 35. Kxe4 Bxh2 36. Nxh4 Bb8 37. Nf5 Ba7 38. Kd4 Nc7 39. Bc4 Bb7 40. g4 Kd7 41. Ng3 Ba6 42. Bxa6 Nxa6 43. Ne4 Ke6 44. f4 f5 45. Ng5+ Kf6 46. Kc4+ Kg6 47. gxf5+ Kxf5 48. Bd4 b3 49. Nf3 b2 50. Nd2 Kg4 51. Bxb2 Bxc5 52. Bd4 Be7 53. Nb3 Kf5 54. Bb6 Nb8 55. Nc5 Bd6 56. Ba7 Bc7 57. Kd3 Kf6 58. Ke4 Ke7 59. Kf5 Nd7 60. Nxd7 Kxd7 61. Bc5 Ke8 62. Kg6 Bd8 63. f5 Be7 64. Bxe7 Kxe7 65. Kg7 1-0

[Event "Hillerod Skjold Burne op"]
[Site "Hillerod"]
[Date "2017.10.16"]
[Round "1"]
[White "Kopperberg, Steen"]
[Black "Estrup, Philip"]
[Result "1-0"]
[WhiteElo "1842"]
[BlackElo "1000"]
[PlyCount "59"]
[EventDate "2017.10.03"]
[EventType "swiss"]
[EventRounds "4"]
[EventCountry "DEN"]
[SourceTitle "EXT 2024"]
[Source "ChessBase"]
[SourceDate "2023.10.10"]
[SourceVersion "1"]
[SourceVersionDate "2023.10.10"]
[SourceQuality "1"]

1. d4 Nf6 2. Nf3 Nc6 3. c3 d5 4. Bf4 Bf5 5. e3 e6 6. Qb3 Rb8 7. Nbd2 a6 8. Be2 h6 9. 0-0 Bd6 10. Bg3 Bxg3 11. hxg3 Bg4 12. Rfe1 0-0 13. Rac1 b5 14. Qd1 Re8 15. b4 e5 16. dxe5 Nxe5 17. Nxe5 Bxe2 18. Rxe2 Rxe5 19. Nf3 Re7 20. Nd4 Rb6 21. a4 Qd7 22. Ra2 c6 23. Rca1 Ne4 24. Qd3 Qb7 25. a5 c5 26. axb6 cxd4 27. Qxd4 Qc6 28. Rxa6 Nd6 29. Qc5 Qxc5 30. bxc5 1-0

[Event "Helsingor Xtracon op"]
[Site "Helsingor"]
[Date "2017.07.26"]
[Round "6"]
[White "Kopperberg, Steen"]
[Black "Salerno, Christian"]
[Result "0-1"]
[WhiteElo "1864"]
[BlackElo "2056"]
[PlyCount "134"]
[EventDate "2017.07.22"]
[EventType "swiss"]
[EventRounds "10"]
[EventCountry "DEN"]
[SourceTitle "CBM 179 Extra"]
[Source "ChessBase"]
[SourceDate "2017.08.23"]
[SourceVersion "1"]
[SourceVersionDate "2017.08.23"]
[SourceQuality "1"]

1. d4 Nf6 2. Nf3 d5 3. Bf4 c5 4. c3 Qb6 5. Qb3 e6 6. e3 c4 7. Qc2 Bd6 8. Bxd6 Qxd6 9. Nbd2 Nc6 10. e4 Qe7 11. e5 Nd7 12. b3 cxb3 13. axb3 f6 14. Bb5 0-0 15. 0-0 fxe5 16. Bxc6 bxc6 17. Nxe5 Nxe5 18. dxe5 c5 19. Ra5 Bb7 20. Rfa1 a6 21. Qd3 Rad8 22. Qg3 Rf5 23. R5a4 d4 24. h4 Rh5 25. cxd4 Rxd4 26. Rxd4 cxd4 27. Ra4 Qc5 28. Rc4 Qd5 29. Nf3 Rf5 30. Rxd4 Qxb3 31. Rd8+ Rf8 32. Rxf8+ Kxf8 33. Qf4+ Kg8 34. Ng5 Qd1+ 35. Kh2 Qd7 36. Qc4 Qd5 37. Qg4 Qxe5+ 38. f4 Qf5 39. Qe2 Qxf4+ 40. g3 Qf5 41. Nxe6 Qf3 42. Qxf3 Bxf3 43. Nd4 Bg4 44. Nb3 Kf7 45. Kg2 Ke7 46. Kf2 Kd6 47. Ke3 Kd5 48. Kf4 Bd1 49. Na5 Kc5 50. Nb7+ Kb6 51. Nd6 a5 52. g4 h5 53. g5 g6 54. Ke4 a4 55. Kd4 Bb3 56. Kc3 Kc6 57. Nc8 Kd7 58. Nb6+ Kd6 59. Nc8+ Ke6 60. Kb4 Bc2 61. Kc3 Be4 62. Nb6 Bc6 63. Nc4 Kf5 64. Kd4 Kf4 65. Kc5 Be4 66. Kd4 Bf5 67. Kc3 Be6 0-1

[Event "Helsingor Xtracon op"]
[Site "Helsingor"]
[Date "2017.07.24"]
[Round "4"]
[White "Kopperberg, Steen"]
[Black "Vinter, Christoffer"]
[Result "1/2-1/2"]
[WhiteElo "1864"]
[BlackElo "1633"]
[PlyCount "128"]
[EventDate "2017.07.22"]
[EventType "swiss"]
[EventRounds "10"]
[EventCountry "DEN"]
[SourceTitle "CBM 179 Extra"]
[Source "ChessBase"]
[SourceDate "2017.08.23"]
[SourceVersion "1"]
[SourceVersionDate "2017.08.23"]
[SourceQuality "1"]

1. d4 d5 2. Nf3 Nc6 3. c3 Bf5 4. Qb3 Qd7 5. Qxb7 Rb8 6. Qa6 e6 7. e3 Nge7 8. Nbd2 Nc8 9. Bb5 Rb6 10. Qa4 Bd6 11. Bxc6 Rxc6 12. 0-0 0-0 13. Re1 Nb6 14. Qd1 Bg4 15. e4 dxe4 16. Nxe4 f5 17. Nxd6 Qxd6 18. Qd3 Nd7 19. Ne5 Nxe5 20. Rxe5 Rd8 21. f4 Rb6 22. h3 Bh5 23. a4 c5 24. a5 Rbb8 25. Qc4 cxd4 26. Rxe6 Bf7 27. Rxd6 Bxc4 28. Rxd8+ Rxd8 29. Ra4 Be6 30. Rxd4 Rxd4 31. cxd4 Kf7 32. Kf2 Ke7 33. Ke3 Kd6 34. Bd2 Kd5 35. Bb4 g6 36. Bc5 a6 37. b4 Bd7 38. Kf3 Be8 39. g4 Ke6 40. Kg3 h5 41. Kh4 hxg4 42. hxg4 fxg4 43. Kxg4 Kd5 44. Kf3 Bd7 45. Ke3 Be8 46. Kd3 Bb5+ 47. Kc3 Be8 48. Kd3 Bb5+ 49. Ke3 Bd7 50. Kf3 Be8 51. Kg4 Ke6 52. Kg5 Kf7 53. d5 Bd7 54. d6 Bc6 55. Bd4 Bd7 56. Bf6 Bc6 57. f5 gxf5 58. Kxf5 Bd7+ 59. Ke5 Bc6 60. Be7 Ke8 61. Ke6 Bd7+ 62. Kd5 Bb5 63. Kc5 Kd7 64. Kb6 Be2 1/2-1/2

[Event "Hillerod-ch B"]
[Site "Hillerod"]
[Date "2017.06.13"]
[Round "7"]
[White "Kopperberg, Steen"]
[Black "Malchau, Helge"]
[Result "1/2-1/2"]
[WhiteElo "1818"]
[BlackElo "1722"]
[PlyCount "117"]
[EventDate "2017.05.02"]
[EventType "tourn"]
[EventRounds "7"]
[EventCountry "DEN"]
[SourceTitle "EXT 2023"]
[Source "ChessBase"]
[SourceDate "2022.10.05"]
[SourceVersion "1"]
[SourceVersionDate "2022.10.05"]
[SourceQuality "1"]

1. d4 d5 2. Nf3 e6 3. c3 c5 4. Bf4 Nc6 5. e3 Nf6 6. Nbd2 c4 7. b3 cxb3 8. axb3 Bd6 9. Bg3 Bxg3 10. hxg3 a6 11. Bd3 h6 12. Qc2 Qd6 13. e4 Nxe4 14. Nxe4 dxe4 15. Bxe4 Bd7 16. 0-0 Rc8 17. Qe2 0-0 18. Rfd1 Qb8 19. Bxc6 Bxc6 20. c4 Bxf3 21. Qxf3 Qc7 22. d5 exd5 23. Rxd5 Qb6 24. Rad1 Qc6 25. Qd3 b6 26. Qf5 Rb8 27. Qg4 Qc8 28. Qd4 a5 29. Rb5 Qa6 30. Qc3 Rbc8 31. Qe3 Rc6 32. Qf3 Re6 33. Qf4 Rf6 34. Qd4 a4 35. bxa4 Qxa4 36. Rd5 Rc6 37. Rd8 Rc8 38. Rxf8+ Rxf8 39. Qd5 Rc8 40. Rd4 Qb4 41. Rf4 Rf8 42. Qc6 Qe1+ 43. Kh2 Qa5 44. Qe4 Qh5+ 45. Rh4 Qc5 46. Qf3 Qc8 47. Qe3 Qc6 48. Re4 Rc8 49. Qd3 Qf6 50. Rf4 Qc6 51. Qf5 Qc7 52. Qb5 Qc5 53. Qd7 Rf8 54. Qg4 b5 55. cxb5 Qxb5 56. Qf3 Qc5 57. Rh4 Qg5 58. Rg4 Qh5+ 59. Rh4 1/2-1/2

[Event "Hillerod-ch B"]
[Site "Hillerod"]
[Date "2017.06.13"]
[Round "6"]
[White "Lavrsen, Frands Winther"]
[Black "Kopperberg, Steen"]
[Result "0-1"]
[WhiteElo "1772"]
[BlackElo "1818"]
[PlyCount "60"]
[EventDate "2017.05.02"]
[EventType "tourn"]
[EventRounds "7"]
[EventCountry "DEN"]
[SourceTitle "EXT 2023"]
[Source "ChessBase"]
[SourceDate "2022.10.05"]
[SourceVersion "1"]
[SourceVersionDate "2022.10.05"]
[SourceQuality "1"]

1. f4 d5 2. Nf3 Bg4 3. e3 c6 4. Be2 Nd7 5. 0-0 Bxf3 6. Bxf3 e5 7. fxe5 Nxe5 8. b3 Nf6 9. Bb2 Bd6 10. Nc3 Qc7 11. h3 0-0-0 12. Ne2 Rhg8 13. Kh1 Kb8 14. Nd4 g6 15. Qe2 Rdf8 16. d3 Nxf3 17. Qxf3 Nh5 18. Ne2 f5 19. Nf4 Nxf4 20. exf4 g5 21. g3 g4 22. hxg4 Rxg4 23. Rae1 Rfg8 24. Rg1 Qf7 25. Re2 Bxf4 26. Be5+ Bxe5 27. Rxe5 Qh5+ 28. Kg2 Rxg3+ 29. Qxg3 Rxg3+ 30. Kxg3 Qg4+ 0-1

[Event "Hillerod-ch B"]
[Site "Hillerod"]
[Date "2017.05.09"]
[Round "2"]
[White "Holm, Henrik"]
[Black "Kopperberg, Steen"]
[Result "1/2-1/2"]
[WhiteElo "1804"]
[BlackElo "1818"]
[PlyCount "72"]
[EventDate "2017.05.02"]
[EventType "tourn"]
[EventRounds "7"]
[EventCountry "DEN"]
[SourceTitle "EXT 2023"]
[Source "ChessBase"]
[SourceDate "2022.10.05"]
[SourceVersion "1"]
[SourceVersionDate "2022.10.05"]
[SourceQuality "1"]

1. e4 e6 2. Qe2 d5 3. exd5 Qxd5 4. Nc3 Qf5 5. d3 Bb4 6. Bd2 Nf6 7. h3 Nc6 8. Nf3 Qc5 9. a3 Bxc3 10. Bxc3 Qe7 11. g4 h6 12. Bg2 Bd7 13. b4 a6 14. Bd2 Qd6 15. c4 Nd4 16. Nxd4 Qxd4 17. 0-0 Bc6 18. Bxc6+ bxc6 19. Qf3 0-0 20. Rfd1 Nh7 21. Qxc6 Qxd3 22. Be3 Qg6 23. Rd7 h5 24. f3 hxg4 25. fxg4 Ng5 26. Bxg5 Qxg5 27. Rf1 Qe3+ 28. Kg2 Rad8 29. Qxc7 Rxd7 30. Qxd7 Qe4+ 31. Kg3 Qxc4 32. Rf3 Qe2 33. Qa7 Qe5+ 34. Kg2 Qe2+ 35. Kg3 Qe5+ 36. Kg2 Qe2+ 1/2-1/2

[Event "Hillerod-ch B"]
[Site "Hillerod"]
[Date "2017.05.02"]
[Round "1"]
[White "Olsen, Kim Alex"]
[Black "Kopperberg, Steen"]
[Result "0-1"]
[WhiteElo "1694"]
[BlackElo "1818"]
[PlyCount "92"]
[EventDate "2017.05.02"]
[EventType "tourn"]
[EventRounds "7"]
[EventCountry "DEN"]
[SourceTitle "EXT 2023"]
[Source "ChessBase"]
[SourceDate "2022.10.05"]
[SourceVersion "1"]
[SourceVersionDate "2022.10.05"]
[SourceQuality "1"]

1. d4 d5 2. c4 c6 3. Nc3 dxc4 4. e4 Nf6 5. Bxc4 e6 6. Nf3 Nbd7 7. 0-0 b5 8. Bd3 b4 9. Ne2 Bb7 10. Ng3 Be7 11. Be3 a5 12. Rc1 Rc8 13. Qe2 0-0 14. Ba6 Qb6 15. Bxb7 Qxb7 16. b3 c5 17. dxc5 Nxc5 18. Bxc5 Bxc5 19. Nd2 Rfd8 20. Nc4 Qa7 21. Rc2 Bd4 22. Nd6 Rxc2 23. Qxc2 Qd7 24. Nc4 Qc7 25. Qe2 Qc5 26. e5 Nd5 27. Ne4 Qa7 28. Qh5 Rf8 29. Ncd6 h6 30. Qg4 Bxe5 31. Nc4 Bc3 32. Ned6 Nf6 33. Qf3 Qc5 34. Nb7 Qd5 35. Qxd5 exd5 36. Ncxa5 d4 37. Rd1 Re8 38. f3 Re2 39. Nc6 Rxa2 40. Nxd4 Nd5 41. Nf5 Bd2 42. Kf2 Nc3 43. Rf1 Ra7 44. Nbd6 g6 45. Ne3 Ra3 46. Nec4 Bf4 0-1

[Event "Politiken Cup 35th"]
[Site "Helsingor"]
[Date "2013.08.04"]
[Round "10"]
[White "Hansen, Rasmus Agertoft"]
[Black "Kopperberg, Steen"]
[Result "1-0"]
[WhiteElo "1945"]
[BlackElo "1777"]
[PlyCount "103"]
[EventDate "2013.07.27"]
[EventType "swiss"]
[EventRounds "10"]
[EventCountry "DEN"]
[SourceTitle "CBM 155 Extra"]
[Source "ChessBase"]
[SourceDate "2013.08.26"]
[SourceVersion "1"]
[SourceVersionDate "2013.08.26"]
[SourceQuality "1"]

1. e4 e6 2. d4 d5 3. exd5 exd5 4. Nc3 Nf6 5. Bd3 Bd6 6. Nge2 c6 7. Bg5 Be6 8. Qd2 Nbd7 9. h3 Qc7 10. f4 h6 11. Bxf6 Nxf6 12. 0-0 0-0-0 13. Na4 g6 14. b4 Ne4 15. Bxe4 dxe4 16. Qe3 Bc4 17. d5 b5 18. Nc5 Bxc5 19. bxc5 cxd5 20. Rf2 Bxe2 21. Rxe2 Qc6 22. Qd4 Rhe8 23. a4 Re7 24. axb5 Qxb5 25. Re3 Rc7 26. Rc3 Qb2 27. Re1 Qb5 28. Kh2 a5 29. Ra1 Qb4 30. Qf6 d4 31. Rb3 Qxc5 32. Qa6+ Kd7 33. Rxa5 Qd6 34. Qb5+ Ke7 35. Qf1 Rxc2 36. Re5+ Kf8 37. Rxe4 d3 38. Qa1 Kg8 39. Rbb4 Qc6 40. Qa5 Ra8 41. Qe5 Rc1 42. Rb8+ Rxb8 43. Qxb8+ Kg7 44. Re8 Qc7 45. Qb2+ Rc3 46. Qb4 Rc1 47. Qd4+ f6 48. Rd8 Qc6 49. Rd6 Qc7 50. Qxf6+ Kg8 51. Rd8+ Kh7 52. Rh8# 1-0

[Event "Politiken Cup 35th"]
[Site "Helsingor"]
[Date "2013.07.28"]
[Round "2"]
[White "Skovgaard, Tom"]
[Black "Kopperberg, Steen"]
[Result "1-0"]
[WhiteElo "1962"]
[BlackElo "1777"]
[PlyCount "189"]
[EventDate "2013.07.27"]
[EventType "swiss"]
[EventRounds "10"]
[EventCountry "DEN"]
[SourceTitle "CBM 155 Extra"]
[Source "ChessBase"]
[SourceDate "2013.08.26"]
[SourceVersion "1"]
[SourceVersionDate "2013.08.26"]
[SourceQuality "1"]

1. e4 e6 2. d4 d5 3. Nd2 dxe4 4. Nxe4 Bd7 5. Nf3 Bc6 6. Bd3 Nd7 7. 0-0 Ngf6 8. Ng3 Bd6 9. Re1 Bxg3 10. hxg3 Bxf3 11. Qxf3 c6 12. c4 0-0 13. b3 Re8 14. Bb2 Nf8 15. Rad1 Ng6 16. Bc2 Qa5 17. a4 Qh5 18. Qxh5 Nxh5 19. Be4 Nf6 20. Bf3 Rad8 21. a5 a6 22. d5 exd5 23. Rxe8+ Rxe8 24. Bxf6 gxf6 25. cxd5 Ne5 26. dxc6 Nxf3+ 27. gxf3 bxc6 28. Rd6 Re6 29. Rd8+ Kg7 30. Ra8 c5 31. Rc8 Re1+ 32. Kg2 Rb1 33. Rxc5 Rxb3 34. Rc6 Ra3 35. Rxa6 f5 36. f4 h5 37. Ra8 Ra2 38. a6 Ra3 39. a7 Kf6 40. Rh8 Rxa7 41. Rxh5 Ra2 42. Rh6+ Kg7 43. Rd6 Rb2 44. Rd3 Ra2 45. Kf3 Rb2 46. Re3 Ra2 47. Re2 Ra3+ 48. Kg2 Ra1 49. f3 Rb1 50. g4 Kg6 51. Re5 Rb2+ 52. Kg3 fxg4 53. fxg4 Rb3+ 54. Kh4 Rb1 55. Rg5+ Kf6 56. Rc5 Rh1+ 57. Kg3 Rg1+ 58. Kh3 Rh1+ 59. Kg2 Rd1 60. Rc6+ Kg7 61. Kf3 Rf1+ 62. Ke4 Re1+ 63. Kf5 Rd1 64. Kg5 Rd5+ 65. f5 Rb5 66. Rd6 Ra5 67. Rd4 Rb5 68. Kf4 Rb1 69. Rd5 Rf1+ 70. Ke5 Re1+ 71. Kf4 Rf1+ 72. Kg3 Rg1+ 73. Kh4 Rh1+ 74. Kg5 f6+ 75. Kf4 Rf1+ 76. Kg3 Rg1+ 77. Kf3 Rf1+ 78. Kg2 Rf4 79. Kg3 Rf1 80. Rd7+ Kh6 81. Rf7 Rg1+ 82. Kf3 Rf1+ 83. Kg2 Rf4 84. Kg3 Ra4 85. Rxf6+ Kg7 86. Rg6+ Kf7 87. Kh4 Ra1 88. Rb6 Ra5 89. Kg5 Rc5 90. Rb7+ Kf8 91. Kg6 Rc4 92. g5 Rc8 93. f6 Kg8 94. Rg7+ Kf8 95. Rh7 1-0

[Event "Politiken Cup 35th"]
[Site "Helsingor"]
[Date "2013.07.27"]
[Round "1"]
[White "Kopperberg, Steen"]
[Black "Royset, Pal"]
[Result "0-1"]
[WhiteElo "1777"]
[BlackElo "2170"]
[PlyCount "56"]
[EventDate "2013.07.27"]
[EventType "swiss"]
[EventRounds "10"]
[EventCountry "DEN"]
[SourceTitle "CBM 155 Extra"]
[Source "ChessBase"]
[SourceDate "2013.08.26"]
[SourceVersion "1"]
[SourceVersionDate "2013.08.26"]
[SourceQuality "1"]

1. d4 c5 2. Nf3 cxd4 3. Nxd4 d5 4. c3 e5 5. Nf3 e4 6. Nd4 Nc6 7. Qa4 Bd7 8. Qb3 Qc8 9. Bd2 Nf6 10. e3 Na5 11. Qc2 a6 12. a4 Bd6 13. Na3 Qc7 14. b4 Nc6 15. Nxc6 Qxc6 16. a5 Qc7 17. h3 Be5 18. Rc1 0-0 19. c4 d4 20. exd4 Bxd4 21. Bc3 Bxc3+ 22. Qxc3 e3 23. Bd3 exf2+ 24. Kxf2 Qf4+ 25. Kg1 Rae8 26. Rf1 Qe3+ 27. Kh2 Re6 28. Nc2 Ng4+ 0-1

[Event "Politiken Cup 34th"]
[Site "Helsingor"]
[Date "2012.08.01"]
[Round "6"]
[White "Kopperberg, Steen"]
[Black "Rasmussen, Lars Garne"]
[Result "0-1"]
[WhiteElo "1795"]
[BlackElo "1957"]
[PlyCount "106"]
[EventDate "2012.07.28"]
[EventType "swiss"]
[EventRounds "10"]
[EventCountry "DEN"]
[SourceTitle "CBM 149 Extra"]
[Source "ChessBase"]
[SourceDate "2012.08.24"]
[SourceVersion "1"]
[SourceVersionDate "2012.08.24"]
[SourceQuality "1"]

1. d4 Nf6 2. Nf3 e6 3. Bg5 c5 4. c3 h6 5. Bxf6 Qxf6 6. Nbd2 d5 7. e3 Nc6 8. Bb5 Bd7 9. Qa4 Qd8 10. dxc5 Bxc5 11. Nb3 Bd6 12. Nbd4 Qc7 13. Qc2 0-0 14. Rc1 a6 15. Nxc6 bxc6 16. Ba4 e5 17. h3 Rab8 18. b4 Qc8 19. a3 Bf5 20. Qd1 Rd8 21. Bc2 a5 22. Bxf5 Qxf5 23. Qc2 Qf6 24. Rd1 Ra8 25. 0-0 Qe7 26. Rfe1 Ra7 27. e4 axb4 28. axb4 d4 29. cxd4 Bxb4 30. Re2 exd4 31. Qxc6 Bc3 32. Rd3 Ra1+ 33. Kh2 Rb8 34. Qc4 Rb4 35. Qc8+ Kh7 36. Qf5+ g6 37. Qd5 Rbb1 38. Ne5 Rh1+ 39. Kg3 Kg7 40. Nc6 Qf6 41. Qe5 Qxe5+ 42. Nxe5 h5 43. Nc6 Ra4 44. f4 Be1+ 45. Rxe1 Rxe1 46. Nxd4 Rxe4 47. Nf3 Rxf4 48. Rd7 h4+ 49. Kh2 Ra2 50. Kg1 Rb4 51. Ne5 Rb1+ 52. Kh2 Raa1 53. g4 Ra2+ 0-1

[Event "Politiken Cup 34th"]
[Site "Helsingor"]
[Date "2012.07.29"]
[Round "3"]
[White "Kopperberg, Steen"]
[Black "Hansen, Rasmus Agertoft"]
[Result "0-1"]
[WhiteElo "1795"]
[BlackElo "1946"]
[PlyCount "62"]
[EventDate "2012.07.28"]
[EventType "swiss"]
[EventRounds "10"]
[EventCountry "DEN"]
[SourceTitle "CBM 149 Extra"]
[Source "ChessBase"]
[SourceDate "2012.08.24"]
[SourceVersion "1"]
[SourceVersionDate "2012.08.24"]
[SourceQuality "1"]

1. d4 f5 2. Nf3 Nf6 3. c3 g6 4. Bg5 Ne4 5. Bf4 d6 6. Nbd2 Bg7 7. Nxe4 fxe4 8. Nd2 0-0 9. e3 d5 10. Qb3 e6 11. Bg3 a5 12. c4 a4 13. Qc2 c6 14. Bxb8 Rxb8 15. cxd5 exd5 16. Qxa4 Qh4 17. g3 Qf6 18. f4 exf3 19. 0-0-0 Bh6 20. Qb3 Kh8 21. Kb1 Ra8 22. e4 Qxd4 23. Qd3 Qa4 24. Qb3 Bxd2 25. Qxa4 Rxa4 26. Rxd2 dxe4 27. b3 Rb4 28. Bc4 e3 29. Rd4 f2 30. Rf4 Rxf4 31. gxf4 Rxc4 0-1